[Event "Hamburg-chT Landesliga 1920"]
[Site "Hamburg"]
[Date "2020.01.19"]
[Round "5.7"]
[White "Goetz, Claus"]
[Black "Peschke, Matthias"]
[Result "0-1"]
[WhiteElo "1941"]
[BlackElo "2016"]
[PlyCount "66"]
[EventDate "2019.09.29"]
[EventType "team-tourn"]
[EventRounds "9"]
[EventCountry "GER"]
[SourceTitle "EXT 2021"]
[Source "ChessBase"]
[SourceDate "2020.10.23"]
[SourceVersion "1"]
[SourceVersionDate "2020.10.23"]
[SourceQuality "1"]

1. e4 Nf6 2. e5 Nd5 3. d4 d6 4. c4 Nb6 5. exd6 cxd6 6. Nc3 g6 7. Be3 Bg7 8. Rc1 0-0 9. b3 e5 10. dxe5 dxe5 11. Qxd8 Rxd8 12. c5 N6d7 13. Bc4 Nc6 14. Nf3 Na5 15. Be2 Nf8 16. Ne4 Ne6 17. Nd6 h6 18. 0-0 Nc6 19. Bc4 Rb8 20. Nd2 Bd7 21. f4 f5 22. fxe5 Nxe5 23. Bd5 Ng4 24. Bf4 Kh7 25. Nxb7 Rxb7 26. Bxb7 Nxc5 27. Bf3 Bd4+ 28. Kh1 Nf2+ 29. Rxf2 Bxf2 30. Bd6 Nd3 31. Rc7 Bb6 32. Rc2 Nf2+ 33. Kg1 Ne4+ 0-1

[Event "Hamburg-chT Landesliga 1920"]
[Site "Hamburg"]
[Date "2019.11.24"]
[Round "3.7"]
[White "Jarnuczak, Detlev"]
[Black "Peschke, Matthias"]
[Result "0-1"]
[WhiteElo "1991"]
[BlackElo "2006"]
[PlyCount "126"]
[EventDate "2019.09.29"]
[EventType "team-tourn"]
[EventRounds "9"]
[EventCountry "GER"]
[SourceTitle "EXT 2021"]
[Source "ChessBase"]
[SourceDate "2020.10.23"]
[SourceVersion "1"]
[SourceVersionDate "2020.10.23"]
[SourceQuality "1"]

1. d4 Nf6 2. c4 c5 3. d5 e6 4. Nc3 exd5 5. cxd5 d6 6. Nf3 g6 7. h3 Bg7 8. Bf4 0-0 9. e3 a6 10. a4 Re8 11. Nd2 Qc7 12. Nc4 Bf8 13. Be2 Nbd7 14. 0-0 Rb8 15. Bh2 Ne4 16. Nxe4 Rxe4 17. Qc2 Re8 18. e4 b5 19. axb5 axb5 20. Na3 Ba6 21. Nb1 Qb6 22. Nd2 Bg7 23. Kh1 c4 24. Bg1 Bb7 25. f4 Qd8 26. Ra7 Nc5 27. Bxc5 dxc5 28. Nf3 Qb6 29. Rfa1 Ra8 30. Rxa8 Rxa8 31. Rd1 Qf6 32. e5 Qxf4 33. e6 fxe6 34. dxe6 Re8 35. Rd7 Bxf3 36. Bxf3 Be5 37. Kg1 Qh2+ 38. Kf1 Qh1+ 39. Ke2 Bd4 40. Bd5 Qg1 41. Rf7 Qe3+ 42. Kd1 Qe5 43. Rd7 Bxb2 44. Qe2 Qd4+ 45. Qd2 Qxd2+ 46. Kxd2 Bf6 47. Rf7 Rd8 48. Rd7 Rxd7 49. exd7+ Kf8 50. Bc6 b4 51. Bb5 c3+ 52. Kc2 Ke7 53. Kb3 Kd6 54. Bd3 Kxd7 55. Kc4 Kd6 56. Bc2 Bd4 57. Kd3 Ke5 58. Bb3 Kf4 59. Bd5 Kg3 60. Kc2 c4 61. Bxc4 Kxg2 62. Be6 Kg3 63. Kb3 h5 0-1

[Event "Oberliga Nord N 1819"]
[Site "Germany"]
[Date "2019.02.03"]
[Round "6.7"]
[White "Peschke, Matthias"]
[Black "Lampe, Joerg"]
[Result "1/2-1/2"]
[WhiteElo "1983"]
[BlackElo "2118"]
[PlyCount "68"]
[EventDate "2018.10.21"]
[EventType "team-tourn"]
[EventRounds "9"]
[EventCountry "GER"]
[SourceTitle "EXT 2020"]
[Source "ChessBase"]
[SourceDate "2019.10.17"]
[SourceVersion "1"]
[SourceVersionDate "2019.10.17"]
[SourceQuality "1"]
[WhiteTeam "Marmstorf"]
[BlackTeam "Hamburg Koenigsspringer"]
[WhiteTeamCountry "GER"]
[BlackTeamCountry "GER"]

1. c4 e6 2. g3 d5 3. Bg2 c5 4. Nf3 Nc6 5. 0-0 Nf6 6. cxd5 exd5 7. d4 Be7 8. Nc3 0-0 9. Bg5 c4 10. e3 Be6 11. Re1 h6 12. Bxf6 Bxf6 13. b3 Qa5 14. Qd2 Rfd8 15. bxc4 dxc4 16. Reb1 Rab8 17. Rb5 Qc7 18. Rab1 a6 19. Rb6 Bf5 20. R1b2 Be7 21. Nh4 Be6 22. Qc2 a5 23. d5 Nb4 24. R6xb4 axb4 25. dxe6 bxc3 26. exf7+ Kxf7 27. Qf5+ Bf6 28. Bd5+ Ke8 29. Qh5+ Kf8 30. Ng6+ Ke8 31. Ne5+ Kf8 32. Ng6+ Ke8 33. Ne5+ Kf8 34. Ng6+ Ke8 1/2-1/2

[Event "Oberliga Nord N 1718"]
[Site "Germany"]
[Date "2017.11.12"]
[Round "3.8"]
[White "Peschke, Matthias"]
[Black "Thanisch, Matthias"]
[Result "1-0"]
[WhiteElo "1996"]
[BlackElo "2023"]
[PlyCount "125"]
[EventDate "2017.10.08"]
[EventType "team-tourn"]
[EventRounds "9"]
[EventCountry "GER"]
[SourceTitle "EXT 2019"]
[Source "ChessBase"]
[SourceDate "2018.10.10"]
[SourceVersion "1"]
[SourceVersionDate "2018.10.10"]
[SourceQuality "1"]
[WhiteTeam "Marmstorf"]
[BlackTeam "Bargteheide"]
[WhiteTeamCountry "GER"]
[BlackTeamCountry "GER"]

1. c4 Nf6 2. g3 g6 3. Bg2 Bg7 4. Nc3 c5 5. e4 d6 6. Nge2 Nc6 7. 0-0 0-0 8. d3 Bd7 9. h3 Qc8 10. Kh2 Rd8 11. Be3 Ne5 12. b3 Bc6 13. Rc1 b6 14. d4 cxd4 15. Nxd4 Bb7 16. Qd2 Qd7 17. Rfd1 Rac8 18. Qe2 Nc6 19. f4 Ne8 20. Ncb5 Nxd4 21. Nxd4 Nf6 22. Bf2 h5 23. Bf3 Bh6 24. e5 Bxf3 25. Nxf3 Ne8 26. Qe4 Qc6 27. Qxc6 Rxc6 28. Rd3 h4 29. Nxh4 Rdc8 30. Rcd1 dxe5 31. fxe5 Bg7 32. Nf3 Bf8 33. Nd4 Rc5 34. Nf3 Ra5 35. R1d2 e6 36. Rd7 Ng7 37. Ng5 Bb4 38. Re2 Rf8 39. g4 Bc3 40. Bg3 f5 41. exf6 Bxf6 42. Ne4 Ba1 43. Nf2 e5 44. Nd3 e4 45. Nb4 Ne6 46. Nc6 Ra6 47. Rxa7 Rxa7 48. Nxa7 Ng5 49. Nc6 Nf3+ 50. Kg2 Re8 51. Bf2 Re6 52. Nb4 Ng5 53. Nd5 b5 54. Nc7 Re5 55. Nxb5 Nf3 56. a4 g5 57. a5 Re6 58. Nc7 Re5 59. a6 Nd4 60. Bxd4 Bxd4 61. Nb5 Bb6 62. a7 Re8 63. Rxe4 1-0

[Event "Oberliga Nord N 1617"]
[Site "Germany"]
[Date "2016.10.16"]
[Round "1.8"]
[White "Mueller, Dominik"]
[Black "Peschke, Matthias"]
[Result "1-0"]
[WhiteElo "2185"]
[BlackElo "1957"]
[PlyCount "97"]
[EventDate "2016.10.16"]
[EventType "team-tourn"]
[EventRounds "9"]
[EventCountry "GER"]
[SourceTitle "EXT 2018"]
[Source "ChessBase"]
[SourceDate "2017.10.13"]
[SourceVersion "1"]
[SourceVersionDate "2017.10.13"]
[SourceQuality "1"]
[WhiteTeam "Hamburg Diogenes"]
[BlackTeam "Marmstorf"]
[WhiteTeamCountry "GER"]
[BlackTeamCountry "GER"]

1. d4 Nf6 2. c4 c5 3. d5 e6 4. Nc3 exd5 5. cxd5 d6 6. e4 g6 7. Bd3 Bg7 8. h3 0-0 9. Nf3 Re8 10. 0-0 a6 11. a4 Qc7 12. Bf4 Nbd7 13. Re1 Rb8 14. Rc1 b5 15. axb5 c4 16. Bf1 axb5 17. b4 Nh5 18. Bh2 Ne5 19. Nd4 Bd7 20. g4 Nf6 21. Bf4 h6 22. Be3 g5 23. Ra1 Rb7 24. Ra5 Reb8 25. Kh1 h5 26. gxh5 g4 27. h6 Bh8 28. Be2 Kh7 29. Rg1 gxh3 30. f4 Ng6 31. Qc2 Qc8 32. e5 dxe5 33. fxe5 Ng4 34. Bxg4 Bxg4 35. Qe4 Bd7 36. e6 Be8 37. exf7 Bxf7 38. Ncxb5 Qd7 39. Nc3 Re8 40. Qf3 Qe7 41. d6 Qxe3 42. Qxb7 Bxd4 43. Qxf7+ Kh8 44. Rxg6 Qe1+ 45. Kh2 Qd2+ 46. Kxh3 Qxc3+ 47. Rg3 Qe1 48. Ra2 c3 49. h7 1-0

[Event "Hamburg HSK Summer rapid op 1st"]
[Site "Hamburg"]
[Date "2014.07.06"]
[Round "1"]
[White "Peschke, Matthias"]
[Black "Svane, Rasmus"]
[Result "0-1"]
[WhiteElo "2006"]
[BlackElo "2494"]
[PlyCount "104"]
[EventDate "2014.07.06"]
[EventType "swiss (rapid)"]
[EventRounds "9"]
[EventCountry "GER"]
[SourceTitle "EXT 2022"]
[Source "ChessBase"]
[SourceDate "2021.10.06"]
[SourceVersion "1"]
[SourceVersionDate "2021.10.06"]
[SourceQuality "1"]

1. c4 c5 2. g3 g6 3. Bg2 Bg7 4. d3 Nc6 5. e4 d6 6. Nc3 Nf6 7. Nge2 a6 8. a4 0-0 9. 0-0 Ne8 10. Be3 Nd4 11. Rb1 Nxe2+ 12. Nxe2 a5 13. d4 cxd4 14. Nxd4 Nc7 15. Rc1 Bd7 16. b3 Na6 17. Nb5 Bc6 18. Nd4 Rb8 19. Nxc6 bxc6 20. e5 Bxe5 21. Bxc6 Qc7 22. Bb5 Nc5 23. Bxc5 dxc5 24. Qf3 Rb6 25. Rce1 Bd4 26. Qe4 Re6 27. Qg4 Rf6 28. Qd7 Qxd7 29. Bxd7 e6 30. Kg2 Rd8 31. Bb5 Kg7 32. f3 g5 33. Rd1 Rf5 34. Bc6 Re5 35. Rfe1 Rxe1 36. Rxe1 Bc3 37. Re2 Rd1 38. Be4 Bd4 39. f4 g4 40. h3 h5 41. hxg4 hxg4 42. f5 e5 43. Bc2 Rg1+ 44. Kh2 Rf1 45. Kg2 Rf3 46. Rd2 Re3 47. Rf2 Kf6 48. Rd2 e4 49. Kf1 Kxf5 50. Re2 Rxg3 51. Bxe4+ Kf4 52. Bg2 f5 0-1

[Event "GER-chT Nord-West U20"]
[Site "Germany"]
[Date "2006.09.24"]
[Round "1.4"]
[White "Peschke, Matthias"]
[Black "Markovic, Daniel"]
[Result "1-0"]
[WhiteElo "1748"]
[BlackElo "1952"]
[PlyCount "111"]
[EventDate "2006.09.24"]
[EventType "team"]
[EventRounds "9"]
[EventCountry "GER"]
[SourceTitle "EXT 2008"]
[Source "ChessBase"]
[SourceDate "2007.11.25"]
[SourceVersion "1"]
[SourceVersionDate "2007.11.25"]
[SourceQuality "1"]

1. c4 e5 2. Nc3 Nf6 3. g3 Bb4 4. Bg2 Bxc3 5. bxc3 0-0 6. d3 Re8 7. e4 d6 8. Ne2 Nc6 9. 0-0 Be6 10. h3 Qe7 11. f4 exf4 12. gxf4 Rf8 13. Rb1 Rab8 14. Be3 Bd7 15. Bf2 Ne8 16. f5 g6 17. f6 Qxf6 18. Bxa7 Qg5 19. Bxb8 Bxh3 20. Nf4 Bg4 21. Qe1 Nxb8 22. Rxb7 Nc6 23. Qg3 Ne5 24. Bh3 h5 25. Bxg4 hxg4 26. Rb2 Ng7 27. Rh2 f5 28. d4 Nxc4 29. Qd3 Nb6 30. e5 dxe5 31. dxe5 Rd8 32. Qc2 Re8 33. Qb3+ Kf8 34. Rh8+ Ke7 35. Rxe8+ Nxe8 36. Qe6+ Kf8 37. Qxg6 Qxg6 38. Nxg6+ Kg7 39. Ne7 Na4 40. Nxf5+ Kg6 41. c4 Nc3 42. a3 Ne4 43. Ne7+ Kg7 44. Rf4 Nd2 45. Rxg4+ Kf7 46. Nc6 Ke6 47. Kf2 Nb3 48. Nd4+ Nxd4 49. Rxd4 Kxe5 50. Rd2 Nd6 51. Rxd6 cxd6 52. a4 d5 53. c5 d4 54. a5 Kd5 55. a6 Kc6 56. Ke2 1-0

[Event "Hamburg State-ch U18"]
[Site "Cuxhaven"]
[Date "2005.03.14"]
[Round "3"]
[White "Peschke, Matthias"]
[Black "Guessefeld, Friedrich"]
[Result "0-1"]
[WhiteElo "1557"]
[BlackElo "1442"]
[PlyCount "38"]
[EventDate "2005.03.12"]
[EventType "swiss"]
[EventRounds "9"]
[EventCountry "GER"]
[SourceTitle "EXT 2007"]
[Source "ChessBase"]
[SourceDate "2006.11.23"]
[SourceVersion "1"]
[SourceVersionDate "2006.11.23"]
[SourceQuality "1"]

1. e4 c6 2. d4 d5 3. Nc3 dxe4 4. Nxe4 Bf5 5. Ng3 Bg6 6. N1e2 h6 7. Nf4 Bh7 8. Bc4 g5 9. Qh5 gxf4 10. Qxf7+ Kd7 11. Be6+ Kc7 12. Bxf4+ Kb6 13. a4 a5 14. Qh5 Ka7 15. b4 Nf6 16. Qe5 Bg7 17. Be3 axb4 18. a5 Na6 19. Bc4 Qd6 0-1

[Event "Hamburg State-ch U18"]
[Site "Cuxhaven"]
[Date "2005.03.13"]
[Round "2"]
[White "Colpe, Lennart"]
[Black "Peschke, Matthias"]
[Result "1-0"]
[WhiteElo "1772"]
[BlackElo "1557"]
[PlyCount "73"]
[EventDate "2005.03.12"]
[EventType "swiss"]
[EventRounds "9"]
[EventCountry "GER"]
[SourceTitle "EXT 2007"]
[Source "ChessBase"]
[SourceDate "2006.11.23"]
[SourceVersion "1"]
[SourceVersionDate "2006.11.23"]
[SourceQuality "1"]

1. d4 Nf6 2. c4 e6 3. Nf3 c5 4. Nc3 Be7 5. d5 exd5 6. cxd5 d6 7. e4 Bg4 8. Be2 Nbd7 9. Bf4 Bxf3 10. Bxf3 a6 11. a4 0-0 12. 0-0 Re8 13. Re1 Bf8 14. Bg5 Be7 15. Qc2 Qc7 16. Be2 Rab8 17. b3 Rbd8 18. f4 Bf8 19. Bd3 h6 20. Bh4 Rc8 21. a5 Nh5 22. Qd2 Nhf6 23. Re3 Rb8 24. Qe2 b6 25. axb6 Rxb6 26. Bc4 Qb8 27. Rf1 Rb4 28. Bxf6 Nxf6 29. e5 dxe5 30. fxe5 Nh7 31. d6 Rb7 32. Nd5 Rd7 33. Qf2 Ng5 34. Nc7 Rxc7 35. dxc7 Qxc7 36. h4 Ne6 37. Rf3 1-0

[Event "Hamburg State-ch U18"]
[Site "Cuxhaven"]
[Date "2005.03.12"]
[Round "1"]
[White "Peschke, Matthias"]
[Black "Heymuth, Marcel"]
[Result "1/2-1/2"]
[WhiteElo "1557"]
[BlackElo "1467"]
[PlyCount "102"]
[EventDate "2005.03.12"]
[EventType "swiss"]
[EventRounds "9"]
[EventCountry "GER"]
[SourceTitle "EXT 2007"]
[Source "ChessBase"]
[SourceDate "2006.11.23"]
[SourceVersion "1"]
[SourceVersionDate "2006.11.23"]
[SourceQuality "1"]

1. e4 e5 2. Nf3 Nc6 3. Bc4 Bc5 4. c3 Nf6 5. d4 exd4 6. cxd4 Bb4+ 7. Bd2 Bxd2+ 8. Nbxd2 d5 9. exd5 Nxd5 10. Qb3 Na5 11. Qa4+ Nc6 12. 0-0 0-0 13. Bxd5 Qxd5 14. Qb3 Qxb3 15. Nxb3 Bg4 16. Ne5 Nxe5 17. dxe5 Rfe8 18. f4 b6 19. Rac1 c5 20. a4 Be6 21. Nd2 Rad8 22. Ne4 Rd4 23. Nd6 Rd8 24. a5 Rd2 25. Rf2 Rxf2 26. Kxf2 Kf8 27. Ke3 Bd5 28. g3 g6 29. axb6 axb6 30. Ra1 Ra8 31. Rxa8+ Bxa8 32. Kd3 Bd5 33. Kc3 Be6 34. b4 cxb4+ 35. Kxb4 Ke7 36. Kb5 f6 37. Kxb6 fxe5 38. fxe5 Bd5 39. Kc5 Ke6 40. Kd4 Bb3 41. Ne4 Kf5 42. Nf6 h5 43. h3 Ba2 44. Nd5 g5 45. Ne3+ Ke6 46. h4 gxh4 47. gxh4 Bb1 48. Nd1 Bg6 49. Ne3 Bb1 50. Ng2 Kf5 51. e6 Kxe6 1/2-1/2